Giants of eclipse (Record no. 19113)

MARC details
000 -LEADER
fixed length control field 00659nam a2200193Ia 4500
003 - CONTROL NUMBER IDENTIFIER
control field IN-BaIIA
008 - FIXED-LENGTH DATA ELEMENTS--GENERAL INFORMATION
fixed length control field 211028s9999 xx 000 0 eng d
020 ## - INTERNATIONAL STANDARD BOOK NUMBER
International Standard Book Number 978-3-319-09197-6
040 ## - CATALOGING SOURCE
Transcribing agency IIA Library
080 ## - UNIVERSAL DECIMAL CLASSIFICATION NUMBER
Universal Decimal Classification number 52(082.1)
Item number ASS-408
245 #0 - TITLE STATEMENT
Title Giants of eclipse
Remainder of title the zeta aurigae stars and other binary systems
Statement of responsibility, etc. edited by Thomas B Ake and Elizabeth Griffin
260 ## - PUBLICATION, DISTRIBUTION, ETC.
Place of publication, distribution, etc. Cham
Name of publisher, distributor, etc. Springer
Date of publication, distribution, etc. 2015
300 ## - PHYSICAL DESCRIPTION
Extent xv, 202p.
650 ## - SUBJECT ADDED ENTRY--TOPICAL TERM
Topical term or geographic name entry element Eclipsing binaries
9 (RLIN) 7591
650 ## - SUBJECT ADDED ENTRY--TOPICAL TERM
Topical term or geographic name entry element Science - astronomy
9 (RLIN) 36158
700 ## - ADDED ENTRY--PERSONAL NAME
Personal name Ake, Thomas B., ed.
9 (RLIN) 36490
700 ## - ADDED ENTRY--PERSONAL NAME
Personal name Griffin, Elizabeth., ed.
9 (RLIN) 36491
942 ## - ADDED ENTRY ELEMENTS (KOHA)
Koha item type Books
Holdings
Withdrawn status Lost status Damaged status Not for loan Home library Current library Shelving location Date acquired Cost, normal purchase price Total Checkouts Full call number Barcode Date last seen Cost, replacement price Price effective from Koha item type Purchase Price
        IIA Library-Bangalore IIA Library-Bangalore General Stacks 21/09/2015 4026.00   52(082.1)/ ASS-408 20035 05/11/2021 4026.00 21/09/2015 Books Rs. 4026.00

Powered by Koha